| 000 | 02191nam2a2200289 4500 | ||
|---|---|---|---|
| 001 | RU\NLR\BIBL_A\011363825 | ||
| 005 | 20250626052741.0 | ||
| 010 |
_a978-5-906912-37-4 _9450 |
||
| 021 |
_aRU _b2017-16389 _91216 |
||
| 035 | _a(NLR Aleph) 011363825 | ||
| 090 |
_a11313091 _c11313091 |
||
| 100 | _a20170410d2016 |||y0rusy50 ca | ||
| 101 | 0 |
_arus _deng |
|
| 102 | _aRU | ||
| 105 | _aa z 100zy | ||
| 200 | 0 |
_aВып. 5 _e[по материалам 2-го научно-практического форума "Современные проблемы и перспективы развития проектного управления в реальном секторе экономики"] |
|
| 210 |
_d2016 _aБ. м. |
||
| 215 |
_a253 с. _cил. |
||
| 300 | _aРез. на англ. яз. | ||
| 320 | _aБиблиогр. в конце ст. | ||
| 461 | 0 |
_1001RU\NLR\BIBL_A\010741161 _12001#$aПроектное управление в реальном секторе экономики$eсборник научных статей молодых ученых и преподавателей$fФедер. гос. бюджет. образоват. учреждение "Гос. ун-т упр.", Каф. "Упр. проектом"$g[редсовет: Лялин А.М., д.э.н., проф., пред. и др.]$vВып. 5 _99903933 _cМосква _d2014 _fФедер. гос. бюджет. образоват. учреждение "Гос. ун-т упр.", Каф. "Упр. проектом" _nИзд-во МосГУ _oсборник научных статей молодых ученых и преподавателей _tПроектное управление в реальном секторе экономики _vВып. 5 |
|
| 711 | 1 | 2 |
_a"Современные проблемы и перспективы развития проектного управления в реальном секторе экономики", научно-практический форум выпускников и специалистов _d2 _eМосква _f2016 _9554741 _3RU\NLR\AUTH\880445547 |
| 942 | _cBOOK | ||
| 980 | _aNB | ||